[Event "Vienna Chess Open 2016 Group A"]
[Site "Grosser Festsaal im Wiener Rathaus, 1010 Wien"]
[Date "2016.08.20"]
[Round "5"]
[Board "1"]
[White "Ragger, Markus"]
[Black "Hertneck, Gerald"]
[Result "1-0"]
[WhiteElo "2686"]
[BlackElo "2469"]
[PlyCount "123"]
[EventDate "2016.08.16"]
[EventRounds "9"]
[EventCountry "AUT"]

1.d4 Nf6 2.c4 e6 3.Nc3 Bb4 4.e3 O-O 5.Bd3 c5 6.Nf3 d5 7.cxd5 cxd4 8.exd4 exd5 9.O-O
h6 10.Ne5 Nc6 11.Nxc6 bxc6 12.Bf4 Bxc3 13.bxc3 a5 14.Re1 Ba6 15.Bc2 Re8 16.Qf3 Ra7
17.Rxe8+ Nxe8 18.Rb1 Rb7 19.Rxb7 Bxb7 20.Qd3 Kf8 21.Ba4 Qc8 22.Qb1 Ba6 23.Qb6 Qb7
24.Qc5+ Kg8 25.h3 Bb5 26.Bc2 a4 27.Qb4 Qa7 28.Be5 f6 29.Bd6 Qd7 30.Bf4 Qe6 31.Be3
Nd6 32.Bxa4 Bxa4 33.Qxa4 Nc4 34.Qc2 f5 35.Bf4 Qe1+ 36.Kh2 g5 37.Be3 f4 38.Qg6+ Kf8
39.Qxh6+ Kf7 40.Qh5+ Kf6 41.Qh6+ Kf7 42.Bxf4 gxf4 43.Qxf4+ Ke6 44.Qg4+ Ke7 45.Qg5+
Kd7 46.Qg4+ Kc7 47.h4 Nd6 48.Qg3 Qe7 49.h5 Kb7 50.Qf4 Ne4 51.h6 Nxc3 52.Qg3 Ne4 53.Qg7
Qxg7 54.hxg7 Nf6 55.Kg1 Kb6 56.g4 c5 57.g5 Ng8 58.f4 c4 59.Kf2 Kb5 60.f5 c3 61.Ke2
Kc4 62.f6 1-0

[Event "Vienna Chess Open 2016 Group A"]
[Site "Grosser Festsaal im Wiener Rathaus, 1010 Wien"]
[Date "2016.08.20"]
[Round "5"]
[Board "2"]
[White "Mastrovasilis, Dimitrios"]
[Black "Froewis, Georg"]
[Result "1/2-1/2"]
[WhiteElo "2603"]
[BlackElo "2449"]
[PlyCount "66"]
[EventDate "2016.08.16"]
[EventRounds "9"]
[EventCountry "AUT"]

1.e4 e6 2.d4 d5 3.Nc3 Bb4 4.e5 c5 5.Bd2 Ne7 6.Nb5 Bxd2+ 7.Qxd2 O-O 8.c3 Bd7 9.dxc5
Bxb5 10.Bxb5 Qc7 11.Nf3 Qxc5 12.Bd3 Nbc6 13.O-O Ng6 14.Rfe1 f5 15.exf6 Rxf6 16.Bxg6
Rxg6 17.Ne5 Nxe5 18.Rxe5 Rf8 19.Rae1 Qb6 20.R1e2 h6 21.g3 Rgf6 22.Qe1 Kf7 23.a3 Rc8
24.Qd1 Kg8 25.Kg2 Rc4 26.Qd3 Qc6 27.Kg1 a6 28.R5e3 Qd7 29.Rd2 Qc8 30.Qe2 Qc6 31.Rdd3
b5 32.Rd1 Qd7 33.Re1 Rc6 1/2-1/2

[Event "Vienna Chess Open 2016 Group A"]
[Site "Grosser Festsaal im Wiener Rathaus, 1010 Wien"]
[Date "2016.08.20"]
[Round "5"]
[Board "3"]
[White "Shengelia, David"]
[Black "Schreiner, Peter"]
[Result "1/2-1/2"]
[WhiteElo "2572"]
[BlackElo "2445"]
[PlyCount "64"]
[EventDate "2016.08.16"]
[EventRounds "9"]
[EventCountry "AUT"]

1.g3 d5 2.Bg2 g6 3.Nf3 Bg7 4.O-O e5 5.d3 Ne7 6.e4 O-O 7.Nc3 d4 8.Ne2 c5 9.Nd2 Nbc6
10.a4 Be6 11.Nc4 f5 12.b3 Qd7 13.exf5 gxf5 14.Bd2 Bd5 15.Bxd5+ Nxd5 16.Kh1 Rae8 17.f3
Re6 18.Rf2 Rfe8 19.Qf1 e4 20.fxe4 fxe4 21.dxe4 Rxe4 22.Rd1 Qg4 23.h3 Qg6 24.Nf4 Nxf4
25.Bxf4 R4e6 26.Kh2 Nb4 27.Qg2 d3 28.cxd3 Nxd3 29.Rfd2 Bd4 30.Qd5 Nxf4 31.gxf4 Kh8
32.Rg2 Re2 1/2-1/2

[Event "Vienna Chess Open 2016 Group A"]
[Site "Grosser Festsaal im Wiener Rathaus, 1010 Wien"]
[Date "2016.08.20"]
[Round "5"]
[Board "4"]
[White "Yankelevich, Lev"]
[Black "Buhmann, Rainer"]
[Result "0-1"]
[WhiteElo "2414"]
[BlackElo "2641"]
[PlyCount "64"]
[EventDate "2016.08.16"]
[EventRounds "9"]
[EventCountry "AUT"]

1.c4 e6 2.Nf3 d5 3.d4 Nf6 4.Nc3 c6 5.Bg5 Nbd7 6.cxd5 exd5 7.Qc2 h6 8.Bh4 Be7 9.e3
O-O 10.Bd3 Re8 11.O-O Ne4 12.Bxe7 Qxe7 13.Bxe4 dxe4 14.Nd2 Nf6 15.Rfc1 Bf5 16.Ne2
Nd5 17.Qc5 Qg5 18.Nc4 Re6 19.Nd6 Bg4 20.Ng3 h5 21.Ndxe4 Qg6 22.h3 Bxh3 23.gxh3 Rxe4
24.Qc2 Rae8 25.Kh2 Qd6 26.Qc5 Qb8 27.Kg2 Nxe3+ 28.fxe3 Rxe3 29.Nh1 Re2+ 30.Nf2 Rxf2+
31.Kxf2 Qf4+ 32.Kg1 Re2 0-1

[Event "Vienna Chess Open 2016 Group A"]
[Site "Grosser Festsaal im Wiener Rathaus, 1010 Wien"]
[Date "2016.08.20"]
[Round "5"]
[Board "5"]
[White "Koop, Thorben"]
[Black "Vorobiov, Evgeny"]
[Result "1/2-1/2"]
[WhiteElo "2412"]
[BlackElo "2586"]
[PlyCount "77"]
[EventDate "2016.08.16"]
[EventRounds "9"]
[EventCountry "AUT"]

1.d4 Nf6 2.c4 e6 3.Nc3 Bb4 4.e3 O-O 5.Bd3 d5 6.Nf3 c5 7.a3 Bxc3+ 8.bxc3 dxc4 9.Bxc4
Qc7 10.Be2 b6 11.O-O Bb7 12.Bd3 Nbd7 13.Re1 Rad8 14.e4 cxd4 15.cxd4 Qc3 16.Bg5 Nc5
17.Bxf6 Nxd3 18.Re3 gxf6 19.Rxd3 Qc7 20.d5 Qf4 21.dxe6 Rxd3 22.Qxd3 Qxe4 23.Qd7 fxe6
24.Rd1 Rf7 25.Qd8+ Kg7 26.h3 e5 27.Rd7 Qc6 28.Rxf7+ Kxf7 29.Qh8 Qc1+ 30.Kh2 Qf4+ 31.Kg1
Qc1+ 32.Kh2 Qf4+ 33.Kg1 Be4 34.Qc8 Bxf3 35.Qd7+ Kg6 36.Qe8+ Kg7 37.Qe7+ Kg6 38.Qe8+
Kg7 39.Qe7+ 1/2-1/2

[Event "Vienna Chess Open 2016 Group A"]
[Site "Grosser Festsaal im Wiener Rathaus, 1010 Wien"]
[Date "2016.08.20"]
[Round "5"]
[Board "6"]
[White "Schwabeneder, Florian"]
[Black "Burmakin, Vladimir"]
[Result "1/2-1/2"]
[WhiteElo "2369"]
[BlackElo "2553"]
[PlyCount "78"]
[EventDate "2016.08.16"]
[EventRounds "9"]
[EventCountry "AUT"]

1.e4 c6 2.Nc3 d5 3.Nf3 dxe4 4.Nxe4 Nf6 5.Qe2 Nxe4 6.Qxe4 Nd7 7.Bc4 Nf6 8.Ne5 e6 9.Qe2
a6 10.O-O c5 11.a4 Bd6 12.b3 O-O 13.Bb2 Nd5 14.Rad1 b6 15.d4 Bb7 16.dxc5 bxc5 17.f4
f5 18.Nc6 Qd7 19.Na5 Rae8 20.Nxb7 Qxb7 21.Qf3 Rf7 22.Rfe1 Ree7 23.Rxe6 Rxe6 24.Bxd5
Qe7 25.Bxe6 Qxe6 26.Qc6 Qe3+ 27.Kh1 Bf8 28.Be5 Qe2 29.Qd5 Qxc2 30.h3 h6 31.Kh2 Be7
32.Rd3 Bf8 33.Rg3 Qe4 34.Qe6 a5 35.Rc3 h5 36.Rc1 Qd3 37.Rc3 Qe4 38.Rc1 Qd3 39.Rc3
Qe4 1/2-1/2

[Event "Vienna Chess Open 2016 Group A"]
[Site "Grosser Festsaal im Wiener Rathaus, 1010 Wien"]
[Date "2016.08.20"]
[Round "5"]
[Board "7"]
[White "Ponizil , Cyril "]
[Black "Nitin, Senthilvel"]
[Result "1/2-1/2"]
[WhiteElo "2510"]
[BlackElo "2398"]
[PlyCount "46"]
[EventDate "2016.08.16"]
[EventRounds "9"]
[EventCountry "AUT"]

1.e4 c5 2.Nf3 d6 3.d4 cxd4 4.Qxd4 Nc6 5.Bb5 Bd7 6.Qd3 Nf6 7.c4 g6 8.Nc3 Bg7 9.O-O
O-O 10.Be3 Ng4 11.Bg5 Nge5 12.Nxe5 Nxe5 13.Qe2 h6 14.Bh4 Rc8 15.Rac1 Bxb5 16.cxb5
g5 17.Bg3 Ng6 18.Nd5 e6 19.Ne3 Nf4 20.Qd2 Qf6 21.Bxf4 Qxf4 22.Rxc8 Rxc8 23.Qd3 Bxb2 1/2-1/2

[Event "Vienna Chess Open 2016 Group A"]
[Site "Grosser Festsaal im Wiener Rathaus, 1010 Wien"]
[Date "2016.08.20"]
[Round "5"]
[Board "8"]
[White "Arkell, Keith"]
[Black "Kilgus, Georg"]
[Result "1/2-1/2"]
[WhiteElo "2464"]
[BlackElo "2413"]
[PlyCount "97"]
[EventDate "2016.08.16"]
[EventRounds "9"]
[EventCountry "AUT"]

1.d4 Nf6 2.Nf3 g6 3.c4 Bg7 4.Nc3 d5 5.cxd5 Nxd5 6.g3 Nxc3 7.bxc3 c5 8.Bg2 Nc6 9.e3
O-O 10.O-O Bf5 11.Nh4 Bd7 12.Rb1 Qc7 13.Ba3 b6 14.Qe2 Rab8 15.Rfd1 Na5 16.Nf3 Rfd8
17.e4 e6 18.h4 h6 19.Rbc1 Bc6 20.Bb2 b5 21.Rc2 Nc4 22.Bc1 Qb7 23.Re1 cxd4 24.cxd4
Rbc8 25.Bf4 Kh7 26.Rd1 Rd7 27.Rcc1 Rcd8 28.a4 a6 29.axb5 axb5 30.Rb1 Bxd4 31.Nxd4
Rxd4 32.Rxd4 Rxd4 33.f3 e5 34.Bc1 Qd7 35.Bf1 f5 36.exf5 Qxf5 37.Rb3 e4 38.Bf4 Qc5
39.Qf2 exf3 40.Rc3 Qd5 41.Kh2 Nd2 42.Rxc6 Nxf1+ 43.Kg1 Rxf4 44.Rc5 Qd7 45.gxf4 Nd2
46.Rc2 Qg4+ 47.Kh1 Qh3+ 48.Kg1 Qg4+ 49.Kh1 1/2-1/2

[Event "Vienna Chess Open 2016 Group A"]
[Site "Grosser Festsaal im Wiener Rathaus, 1010 Wien"]
[Date "2016.08.20"]
[Round "5"]
[Board "9"]
[White "Pirrot, Dieter"]
[Black "Berescu, Alin-Mile"]
[Result "1/2-1/2"]
[WhiteElo "2367"]
[BlackElo "2458"]
[PlyCount "36"]
[EventDate "2016.08.16"]
[EventRounds "9"]
[EventCountry "AUT"]

1.e4 c5 2.c3 d6 3.d4 Nf6 4.Bd3 g6 5.h3 Bg7 6.Nf3 O-O 7.O-O Nc6 8.Re1 e5 9.dxc5 dxc5
10.Na3 Qe7 11.Bb5 Nb8 12.Bf1 Rd8 13.Qc2 Nc6 14.Bb5 Bd7 15.Bg5 h6 16.Bxf6 Qxf6 17.Bxc6
Bxc6 18.Nc4 Qe6 1/2-1/2

[Event "Vienna Chess Open 2016 Group A"]
[Site "Grosser Festsaal im Wiener Rathaus, 1010 Wien"]
[Date "2016.08.20"]
[Round "5"]
[Board "10"]
[White "Lewicki, Miroslaw"]
[Black "Rathnakaran, Kantholi"]
[Result "0-1"]
[WhiteElo "2319"]
[BlackElo "2452"]
[PlyCount "80"]
[EventDate "2016.08.16"]
[EventRounds "9"]
[EventCountry "AUT"]

1.e4 c5 2.Nf3 Nc6 3.d4 cxd4 4.Nxd4 e6 5.Nc3 Qc7 6.Be2 a6 7.O-O h5 8.Be3 b5 9.h3 Nf6
10.Nxc6 dxc6 11.Bf3 Bb7 12.Qe2 a5 13.Rfd1 Be7 14.e5 Qxe5 15.Nxb5 Ng4 16.Qd3 Qh2+ 17.Kf1
Ne5 18.Qe4 f5 19.Qf4 Qxf4 20.Nc7+ Kf7 21.Bxf4 Nxf3 22.gxf3 Rac8 23.Rd7 Rcd8 24.Rad1
Rxd7 25.Rxd7 Bc8 26.Rd4 Bf6 27.Ra4 e5 28.Bd2 f4 29.Kg2 g5 30.Rxa5 g4 31.fxg4 hxg4
32.hxg4 Bxg4 33.f3 Bh3+ 34.Kf2 Rg8 35.Bc3 Rg2+ 36.Ke1 Bh4+ 37.Kd1 e4 38.Rh5 Rg1+ 39.Kd2
Be1+ 40.Ke2 exf3+ 0-1

[Event "Vienna Chess Open 2016 Group A"]
[Site "Grosser Festsaal im Wiener Rathaus, 1010 Wien"]
[Date "2016.08.20"]
[Round "5"]
[Board "11"]
[White "Williams, Simon"]
[Black "Keymer, Vincent"]
[Result "1/2-1/2"]
[WhiteElo "2443"]
[BlackElo "2348"]
[PlyCount "71"]
[EventDate "2016.08.16"]
[EventRounds "9"]
[EventCountry "AUT"]

1.d4 d5 2.c4 c6 3.Nf3 Nf6 4.Qc2 dxc4 5.e4 b5 6.b3 cxb3 7.axb3 e6 8.Bd2 Bb7 9.Bd3 a5
10.O-O Be7 11.Rd1 O-O 12.e5 Nd5 13.Bxh7+ Kh8 14.Be4 b4 15.Bc1 Nd7 16.Bb2 c5 17.Nbd2
cxd4 18.Bxd4 Rc8 19.Nc4 Ba6 20.Qe2 Bxc4 21.bxc4 Nf4 22.Qf1 Kg8 23.g3 Ng6 24.Qh3 Qc7
25.Bxg6 fxg6 26.Qxe6+ Rf7 27.Qg4 Nf8 28.Nd2 Rf5 29.Nb3 Qxc4 30.Nxa5 Qe6 31.Qe4 Nd7
32.f4 g5 33.Bf2 gxf4 34.gxf4 Nf6 35.Qf3 Nh5 36.Bg3 1/2-1/2

[Event "Vienna Chess Open 2016 Group A"]
[Site "Grosser Festsaal im Wiener Rathaus, 1010 Wien"]
[Date "2016.08.20"]
[Round "5"]
[Board "12"]
[White "Baldauf, Marco"]
[Black "Dedebas, Emre Emin"]
[Result "1/2-1/2"]
[WhiteElo "2423"]
[BlackElo "2248"]
[PlyCount "107"]
[EventDate "2016.08.16"]
[EventRounds "9"]
[EventCountry "AUT"]

1.Nf3 d5 2.g3 Bg4 3.Bg2 c6 4.O-O Nd7 5.d4 Ngf6 6.Nbd2 e6 7.Re1 Be7 8.e4 dxe4 9.Nxe4
Nxe4 10.Rxe4 Bxf3 11.Bxf3 O-O 12.h4 Bf6 13.Re1 Nb6 14.c3 Nd5 15.Be4 b5 16.Qd3 g6 17.Kg2
Bg7 18.Bg5 Qd6 19.Rad1 Rac8 20.Qf3 h5 21.Re2 a5 22.Rde1 Qd7 23.Rd1 Rfe8 24.Bc2 Qd6
25.Kg1 c5 26.dxc5 Qxc5 27.Be4 b4 28.cxb4 axb4 29.Rc1 Qa5 30.Qb3 Rxc1+ 31.Bxc1 Ra8
32.Bb1 Rc8 33.Bg5 Rc5 34.Kh2 Qc7 35.Be4 Qa5 36.Bd2 Bf8 37.a4 Rc8 38.Re1 Qc5 39.Kg2
Qd4 40.Re2 Ra8 41.Qc2 Bg7 42.Qc6 Rd8 43.Bg5 Bf6 44.Bxf6 Nxf6 45.Bf3 Rd6 46.Qb5 Nd7
47.a5 Qc5 48.Qxc5 Nxc5 49.Re5 Nd3 50.Rb5 Ne1+ 51.Kf1 Nxf3 52.Rxb4 Ra6 53.Rb8+ Kg7
54.b4 1/2-1/2

[Event "Vienna Chess Open 2016 Group A"]
[Site "Grosser Festsaal im Wiener Rathaus, 1010 Wien"]
[Date "2016.08.20"]
[Round "5"]
[Board "13"]
[White "Manolache, Marius"]
[Black "Namyslo, Holger"]
[Result "1-0"]
[WhiteElo "2492"]
[BlackElo "2267"]
[PlyCount "23"]
[EventDate "2016.08.16"]
[EventRounds "9"]
[EventCountry "AUT"]

1.d4 e6 2.c4 d5 3.Nc3 c6 4.Nf3 Nf6 5.g3 dxc4 6.Bg2 b5 7.O-O Bb7 8.Bg5 Be7 9.a4 b4
10.Bxf6 Bxf6 11.Ne4 Nd7 12.Nd6+ 1-0

[Event "Vienna Chess Open 2016 Group A"]
[Site "Grosser Festsaal im Wiener Rathaus, 1010 Wien"]
[Date "2016.08.20"]
[Round "5"]
[Board "14"]
[White "Stanec, Nikolaus"]
[Black "Horvath, Dominik"]
[Result "1-0"]
[WhiteElo "2457"]
[BlackElo "2247"]
[PlyCount "81"]
[EventDate "2016.08.16"]
[EventRounds "9"]
[EventCountry "AUT"]

1.d4 Nf6 2.Nf3 g6 3.c3 Bg7 4.Bg5 O-O 5.Nbd2 d6 6.e4 c5 7.dxc5 dxc5 8.Bc4 Nc6 9.O-O
h6 10.Bh4 g5 11.Bg3 Nh5 12.a4 Nxg3 13.hxg3 Bg4 14.Qc2 Bxf3 15.Nxf3 e6 16.Nh2 Ne5 17.Be2
Ng6 18.Bh5 c4 19.Bxg6 fxg6 20.Ng4 h5 21.Ne3 Rc8 22.a5 h4 23.gxh4 gxh4 24.Qe2 Qg5 25.Qg4
Qxg4 26.Nxg4 Rc5 27.Rfd1 Rb5 28.Ra2 Rc8 29.a6 Rc6 30.Rd8+ Kh7 31.axb7 Rxb7 32.e5 g5
33.Rd6 Rxd6 34.exd6 Bf8 35.Ra6 Rxb2 36.Rxa7+ Kg6 37.Ne5+ Kf6 38.Nd7+ Kf7 39.Nxf8+
Kxf8 40.Ra8+ Kf7 41.d7 1-0

[Event "Vienna Chess Open 2016 Group A"]
[Site "Grosser Festsaal im Wiener Rathaus, 1010 Wien"]
[Date "2016.08.20"]
[Round "5"]
[Board "15"]
[White "Tomov, Georgi"]
[Black "Zawadzka, Jolanta"]
[Result "1/2-1/2"]
[WhiteElo "2248"]
[BlackElo "2439"]
[PlyCount "53"]
[EventDate "2016.08.16"]
[EventRounds "9"]
[EventCountry "AUT"]

1.d4 d5 2.c4 e6 3.Nc3 Bb4 4.Bf4 Nf6 5.e3 O-O 6.Rc1 c5 7.dxc5 Ne4 8.cxd5 exd5 9.Bd3
Nxc5 10.a3 Bg4 11.Be2 Bxc3+ 12.Rxc3 Bxe2 13.Nxe2 Ne6 14.Bxb8 Rxb8 15.O-O Qb6 16.Qc1
Rbd8 17.Rd1 d4 18.exd4 Nxd4 19.Nxd4 Rxd4 20.Rxd4 Qxd4 21.g3 g6 22.Qe3 Qxe3 23.Rxe3
f5 24.Rc3 Rf7 25.Kg2 Kg7 26.Kf3 Kf6 27.h4 1/2-1/2

[Event "Vienna Chess Open 2016 Group A"]
[Site "Grosser Festsaal im Wiener Rathaus, 1010 Wien"]
[Date "2016.08.20"]
[Round "5"]
[Board "16"]
[White "Larmuseau, Maarten"]
[Black "Vetoshko, Volodymyr"]
[Result "0-1"]
[WhiteElo "2245"]
[BlackElo "2438"]
[PlyCount "74"]
[EventDate "2016.08.16"]
[EventRounds "9"]
[EventCountry "AUT"]

1.e4 d6 2.Nc3 c5 3.f4 g6 4.Nf3 Bg7 5.Bc4 Nc6 6.d3 e6 7.Be3 Nge7 8.Bf2 O-O 9.O-O a6
10.a4 Rb8 11.Re1 b5 12.axb5 axb5 13.Bb3 Qc7 14.d4 c4 15.Ba2 d5 16.exd5 exd5 17.Bb1
Bg4 18.Ne2 Bxf3 19.gxf3 f5 20.Ra3 b4 21.Re3 Nc8 22.c3 b3 23.Kg2 Nd6 24.Ng1 Rbe8 25.Bh4
Rxe3 26.Rxe3 Re8 27.Rxe8+ Nxe8 28.Qe1 Kf7 29.Bg3 Qa7 30.Nh3 h6 31.Nf2 Nf6 32.Qc1 Bf8
33.h4 Bd6 34.Nd1 Nh5 35.Ne3 Nxg3 36.Kxg3 Bxf4+ 37.Kf2 Qe7 0-1

[Event "Vienna Chess Open 2016 Group A"]
[Site "Grosser Festsaal im Wiener Rathaus, 1010 Wien"]
[Date "2016.08.20"]
[Round "5"]
[Board "17"]
[White "Praveen Kumar, Chandrasekar"]
[Black "Gajek, Radoslaw"]
[Result "1/2-1/2"]
[WhiteElo "2242"]
[BlackElo "2434"]
[PlyCount "83"]
[EventDate "2016.08.16"]
[EventRounds "9"]
[EventCountry "AUT"]

1.d4 Nf6 2.c4 d6 3.Nf3 Nbd7 4.Nc3 e5 5.e4 Be7 6.Be2 O-O 7.O-O c6 8.Re1 Re8 9.Bf1 a6
10.Rb1 b5 11.b4 Bb7 12.d5 cxd5 13.cxd5 Rc8 14.Bd2 Nb6 15.a4 Nc4 16.axb5 axb5 17.Nxb5
Qb6 18.Nc3 Ng4 19.Re2 Nxd2 20.Qxd2 Rc7 21.b5 Ra8 22.Qb2 Bd8 23.h3 Nf6 24.Rc2 Rcc8
25.Rbc1 Qa7 26.Nd2 Ba5 27.Ncb1 Bb6 28.Rxc8+ Bxc8 29.Nc4 Nxe4 30.Nxb6 Qxb6 31.Rc6 Qd8
32.Nd2 Nxd2 33.Qxd2 Bb7 34.Rc1 Rc8 35.Rxc8 Bxc8 36.Qa2 Bb7 37.Qa7 Qc8 38.b6 Kf8 39.Bb5
Qc1+ 40.Kh2 Qf4+ 41.Kg1 Qc1+ 42.Kh2 1/2-1/2

[Event "Vienna Chess Open 2016 Group A"]
[Site "Grosser Festsaal im Wiener Rathaus, 1010 Wien"]
[Date "2016.08.20"]
[Round "5"]
[Board "18"]
[White "Exler, Veronika"]
[Black "Carow, Johannes"]
[Result "1/2-1/2"]
[WhiteElo "2194"]
[BlackElo "2423"]
[PlyCount "56"]
[EventDate "2016.08.16"]
[EventRounds "9"]
[EventCountry "AUT"]

1.d4 Nf6 2.c4 c5 3.d5 b5 4.cxb5 a6 5.bxa6 g6 6.Nc3 Bg7 7.Nf3 O-O 8.e4 Qa5 9.Bd2 Bxa6
10.Bxa6 Qxa6 11.Qe2 e6 12.Qxa6 Nxa6 13.dxe6 fxe6 14.O-O d5 15.exd5 exd5 16.Ng5 Rfc8
17.Ne6 Bh8 18.Bg5 Kf7 19.Nf4 d4 20.Bxf6 Bxf6 21.Ncd5 Bg5 22.h4 Bxf4 23.Nxf4 Rab8 24.b3
Nb4 25.Rfc1 Ke7 26.a3 Na6 27.Rab1 Rb7 28.Re1+ Kf7 1/2-1/2

[Event "Vienna Chess Open 2016 Group A"]
[Site "Grosser Festsaal im Wiener Rathaus, 1010 Wien"]
[Date "2016.08.20"]
[Round "5"]
[Board "19"]
[White "Sindarov, Javokhir"]
[Black "Heinemann, Josefine"]
[Result "1-0"]
[WhiteElo "2374"]
[BlackElo "2231"]
[PlyCount "113"]
[EventDate "2016.08.16"]
[EventRounds "9"]
[EventCountry "AUT"]

1.e4 e5 2.Nf3 Nc6 3.Nc3 Nf6 4.g3 Bc5 5.Bg2 d6 6.O-O O-O 7.d3 a6 8.h3 h6 9.Be3 Bxe3
10.fxe3 Qe7 11.Nh4 g6 12.Qf3 Kg7 13.Rf2 Nb8 14.Raf1 Nbd7 15.g4 c6 16.Qg3 Nh7 17.Nf3
b5 18.h4 Ndf6 19.Bh3 Qe6 20.Nh2 b4 21.Na4 Rb8 22.b3 Kg8 23.Rg2 Qe7 24.Nb2 Be6 25.Nc4
Bxc4 26.bxc4 Nd7 27.g5 h5 28.Bxd7 Qxd7 29.c5 Rfe8 30.Rgf2 Re7 31.Nf3 dxc5 32.Nd2 Rbe8
33.Nc4 Qc7 34.a3 Qd7 35.Rb1 Rb8 36.Kh2 Qe6 37.Rff1 Rbb7 38.Rb3 Rb5 39.Ra1 f6 40.axb4
fxg5 41.hxg5 Rb8 42.bxc5 Rf8 43.Nd6 h4 44.Qg2 Ra7 45.Rb6 Qe7 46.Rxc6 Qxg5 47.Rg1 Qxg2+
48.Rxg2 g5 49.Nf5 a5 50.c4 a4 51.Rb6 a3 52.Ra2 Nf6 53.c6 Ng4+ 54.Kh3 Nxe3 55.Nxe3
Rf3+ 56.Kg2 Rxe3 57.Rb8+ 1-0

[Event "Vienna Chess Open 2016 Group A"]
[Site "Grosser Festsaal im Wiener Rathaus, 1010 Wien"]
[Date "2016.08.20"]
[Round "5"]
[Board "20"]
[White "Branding, Volker"]
[Black "Miedema, David"]
[Result "0-1"]
[WhiteElo "2194"]
[BlackElo "2368"]
[PlyCount "188"]
[EventDate "2016.08.16"]
[EventRounds "9"]
[EventCountry "AUT"]

1.e4 e6 2.d4 d5 3.Nc3 Bb4 4.e5 c5 5.a3 Bxc3+ 6.bxc3 Ne7 7.Nf3 h6 8.Bd3 b6 9.a4 Ba6
10.Ba3 Bxd3 11.cxd3 Qc7 12.O-O O-O 13.Qb3 Nd7 14.Rab1 Rab8 15.Rfc1 f6 16.Re1 fxe5
17.Nxe5 Nxe5 18.Rxe5 Ng6 19.Re3 Nf4 20.Qd1 Qf7 21.Rf3 Qh5 22.Qf1 Qg4 23.h3 Qg5 24.dxc5
bxc5 25.Rxb8 Rxb8 26.Bc1 e5 27.Bxf4 exf4 28.Qc1 Rf8 29.g3 fxg3 30.Qxg5 gxf2+ 31.Rxf2
hxg5 32.Rb2 Rf7 33.Kg2 Rc7 34.Kg3 Kf7 35.Kg4 c4 36.d4 Kg6 37.Rb5 Rd7 38.Rc5 Kh6 39.Rc6+
g6 40.Rc5 Rd6 41.Ra5 Rb6 42.Rb5 Re6 43.Rxd5 Re3 44.Rd8 Rxc3 45.d5 Rd3 46.d6 Rd4+ 47.Kf3
c3 48.Rh8+ Kg7 49.Rc8 Rxd6 50.Rxc3 Kh6 51.Rc7 Ra6 52.Rc4 Rf6+ 53.Kg3 a5 54.Rc5 Rf5
55.Rc4 Rd5 56.Kf3 Rd3+ 57.Kg2 Ra3 58.Rd4 Kh5 59.Rc4 Kh6 60.Rd4 Kg7 61.Rc4 Kf6 62.Rc6+
Kf7 63.Rc4 Ke7 64.Re4+ Kf6 65.Rc4 Re3 66.Rc5 Re5 67.Rc4 Kf5 68.Kf3 Rd5 69.Kf2 Ke5
70.Ke3 Kf6 71.Rc6+ Kg7 72.Rc4 Rf5 73.Rd4 Kh6 74.Rc4 Kh5 75.Rd4 Rf1 76.Rd5 Rh1 77.Rxa5
Rxh3+ 78.Kf2 Ra3 79.Ra8 Kg4 80.a5 Ra2+ 81.Ke3 Kh3 82.a6 Ra4 83.a7 Kg3 84.Ke2 g4 85.Kf1
Ra1+ 86.Ke2 Kg2 87.Ke3 Ra4 88.Ke2 g3 89.Ke3 g5 90.Ke2 Ra3 91.Ke1 Ra2 92.Kd1 Kg1 93.Ke1
g2 94.Rg8 Kh2 0-1

[Event "Vienna Chess Open 2016 Group A"]
[Site "Grosser Festsaal im Wiener Rathaus, 1010 Wien"]
[Date "2016.08.20"]
[Round "5"]
[Board "21"]
[White "Larmuseau, Michiel"]
[Black "Kokol, Peter"]
[Result "0-1"]
[WhiteElo "2177"]
[BlackElo "2360"]
[PlyCount "112"]
[EventDate "2016.08.16"]
[EventRounds "9"]
[EventCountry "AUT"]

1.e4 g6 2.Nc3 Bg7 3.f4 c6 4.Nf3 d5 5.d3 Bg4 6.h3 Bxf3 7.Qxf3 e6 8.f5 Nd7 9.Be2 Qb6
10.Nd1 Ngf6 11.Be3 dxe4 12.dxe4 Qb4+ 13.c3 Qxe4 14.Qxe4 Nxe4 15.fxe6 fxe6 16.Bc4 Ng3
17.Rg1 Ke7 18.Nf2 Nb6 19.Bb3 Nd5 20.Bc5+ Kf7 21.Rd1 b6 22.Bd6 Nf5 23.Bh2 Rhd8 24.Ne4
Kg8 25.Ke2 h6 26.g4 Nfe7 27.Rd2 Rf8 28.Rf1 g5 29.Bd6 Rxf1 30.Kxf1 Ng6 31.Rf2 Rd8 32.Kg1
Ndf4 33.Kh2 Be5 34.Bxe5 Nxe5 35.Nf6+ Kf7 36.Nh5 Ned3 37.Rd2 Ke7 38.Kg3 Nxh5+ 39.gxh5
Nf4 40.Rxd8 Kxd8 41.Kg4 Nd5 42.Kf3 Ke7 43.Bd1 Kd6 44.Ke4 Nf6+ 45.Ke3 e5 46.Bf3 c5
47.b3 Ke6 48.Bg4+ Kd5 49.c4+ Kd6 50.Bf3 e4 51.Be2 Ke5 52.Bd1 Ne8 53.Bc2 Nd6 54.Bd1
Nf5+ 55.Kd2 Kf4 56.Bg4 e3+ 0-1

[Event "Vienna Chess Open 2016 Group A"]
[Site "Grosser Festsaal im Wiener Rathaus, 1010 Wien"]
[Date "2016.08.20"]
[Round "5"]
[Board "22"]
[White "Wagner, Gregor"]
[Black "Foisor, Cristina"]
[Result "0-1"]
[WhiteElo "2170"]
[BlackElo "2351"]
[PlyCount "98"]
[EventDate "2016.08.16"]
[EventRounds "9"]
[EventCountry "AUT"]

1.d4 d5 2.c4 e6 3.Nc3 c6 4.e3 f5 5.Bd3 Nf6 6.f3 Be7 7.Nge2 O-O 8.Qc2 Na6 9.a3 c5 10.cxd5
cxd4 11.Nxd4 Nxd5 12.Nxd5 Qxd5 13.Bc4 Qe5 14.f4 Qf6 15.b4 Bd7 16.Bb2 Qg6 17.O-O Rac8
18.Qb3 Nc7 19.Rf3 Qf7 20.Rg3 g6 21.a4 Bh4 22.Rh3 Bf6 23.Rd1 Rfd8 24.Nf3 Bxa4 25.Qxa4
Bxb2 26.Ng5 Qe7 27.Rxh7 Bg7 28.Re1 a6 29.Qa2 Nd5 30.Bxd5 exd5 31.Qa1 Rd7 32.Qb1 Rc4
33.b5 a5 34.g4 Qb4 35.Qd1 fxg4 36.Rf1 Qe7 37.Qxg4 Qxe3+ 38.Kh1 Rc1 39.Rxc1 Qxc1+ 40.Kg2
Qc2+ 41.Kg3 Re7 42.Nf3 Qf5 43.Qh4 g5 44.Nxg5 Re3+ 45.Kf2 d4 46.Rh5 Qc2+ 47.Kf1 Qd1+
48.Kg2 Re2+ 49.Kh3 Qd3+ 0-1

[Event "Vienna Chess Open 2016 Group A"]
[Site "Grosser Festsaal im Wiener Rathaus, 1010 Wien"]
[Date "2016.08.20"]
[Round "5"]
[Board "23"]
[White "Voege, Tobias"]
[Black "Steiner, Bruno"]
[Result "0-1"]
[WhiteElo "2346"]
[BlackElo "2206"]
[PlyCount "68"]
[EventDate "2016.08.16"]
[EventRounds "9"]
[EventCountry "AUT"]

1.d4 d5 2.c4 e6 3.Nc3 Nf6 4.Bg5 Be7 5.e3 h6 6.Bh4 O-O 7.cxd5 Nxd5 8.Bxe7 Qxe7 9.Bd3
Nxc3 10.bxc3 c5 11.Ne2 b6 12.O-O Bb7 13.Ng3 Rc8 14.Qg4 cxd4 15.cxd4 Nc6 16.Rad1 Nb4
17.Bb1 Rc7 18.e4 Rac8 19.d5 exd5 20.exd5 Nxd5 21.Rxd5 Bxd5 22.Qf5 Qd7 23.Qh7+ Kf8
24.Qh8+ Ke7 25.Qxg7 Rc6 26.Nf5+ Kd8 27.Nd4 Rc1 28.Bf5 Rxf1+ 29.Kxf1 Rc1+ 30.Ke2 Qe7+
31.Be6 Bxe6 32.Kd2 Rc4 33.Qh8+ Kd7 34.Kd3 Qd6 0-1

[Event "Vienna Chess Open 2016 Group A"]
[Site "Grosser Festsaal im Wiener Rathaus, 1010 Wien"]
[Date "2016.08.20"]
[Round "5"]
[Board "24"]
[White "Trkulja, Goran"]
[Black "Barthel, Ansgar"]
[Result "0-1"]
[WhiteElo "2335"]
[BlackElo "2194"]
[PlyCount "54"]
[EventDate "2016.08.16"]
[EventRounds "9"]
[EventCountry "AUT"]

1.e4 Nf6 2.e5 Nd5 3.Nf3 d6 4.d4 dxe5 5.Nxe5 c6 6.c4 Nb4 7.Be3 Bf5 8.Nd3 e5 9.Nxb4
Bxb4+ 10.Nc3 exd4 11.Bxd4 O-O 12.Be2 Qh4 13.Be3 Na6 14.O-O Bc5 15.Bxc5 Nxc5 16.Qd6
Ne6 17.g3 Qf6 18.Rfd1 Rfd8 19.Qb4 Nd4 20.Qxb7 Rdb8 21.Qc7 Rxb2 22.Rxd4 Qxd4 23.Qxc6
Rab8 24.Qf3 Rxe2 25.Qxe2 Qxc3 26.Rd1 g6 27.h4 h5 0-1

[Event "Vienna Chess Open 2016 Group A"]
[Site "Grosser Festsaal im Wiener Rathaus, 1010 Wien"]
[Date "2016.08.20"]
[Round "5"]
[Board "25"]
[White "Bisby, Daniel"]
[Black "Ferster, Fabian"]
[Result "1/2-1/2"]
[WhiteElo "2311"]
[BlackElo "2186"]
[PlyCount "98"]
[EventDate "2016.08.16"]
[EventRounds "9"]
[EventCountry "AUT"]

1.e4 e5 2.Nf3 Nc6 3.Bb5 Nf6 4.d3 Bc5 5.Bxc6 dxc6 6.Qe2 Qe7 7.Nbd2 Bg4 8.Nc4 Nd7 9.h3
Bxf3 10.Qxf3 Nf8 11.Qh5 Ng6 12.Bd2 O-O-O 13.O-O-O Kb8 14.Rhf1 f6 15.g3 Qe8 16.Kb1
Nf8 17.Qxe8 Rxe8 18.f4 Nd7 19.Bc3 Bd6 20.fxe5 Nxe5 21.Bxe5 Bxe5 22.Rf5 Bd6 23.g4 h6
24.a4 Kc8 25.Ka2 a6 26.Rdf1 Kd7 27.Kb3 Re7 28.Ne3 Re5 29.Rxe5 Bxe5 30.Nf5 g6 31.Nh4
Rg8 32.d4 Bg3 33.Ng2 Ke6 34.Ne3 Rg7 35.Kc4 Rh7 36.Kd3 h5 37.c4 hxg4 38.hxg4 Rh2 39.b4
Bh4 40.d5+ Ke7 41.dxc6 bxc6 42.b5 axb5 43.cxb5 Bg5 44.bxc6 Bxe3 45.Kxe3 Rc2 46.Ra1
Rxc6 47.a5 Ra6 48.Kd4 Kd6 49.Rf1 Ke6 1/2-1/2